Missing Middles Medley: P Quiz Stats

Quiz Updated Jan 12, 2016

Challenge
Share
Tweet
Embed
Score 0/40 Timer 05:00
1 Play Today
% Correct
Private
95.8%
Pray
95.3%
Poets
94.5%
Polar
93.7%
Pac
93.7%
Patrick
93.6%
Plain
93.6%
Prefer
93.2%
Pretty
92.9%
Python's
92.3%
People's
91.1%
Per
91%
Pussycat
90.5%
Past
90.1%
Pinkett
90.1%
Partridge
90%
Patch
89.5%
Peppermint
89.1%
Pointe
88.6%
Palm
88.6%
% Correct
Popper's
88.6%
People
88%
Pelican
87.8%
Peach
87.2%
Please
87.2%
Parker
84.5%
Peter's
84.3%
Paul
82.4%
Personal
79.1%
Plains
76.8%
Pilgrim's
75.8%
Port
71%
Plastic
70.8%
Pajama
70.7%
Pops
69.9%
Proof
68.9%
Peter
59.1%
Prairie
53.5%
Penn
52.8%
Picardy
34.1%

You're not logged in!

Compare scores with friends on all Sporcle quizzes.
Join for Free
OR
Log In

You Might Also Like...

Show Comments

Extras

Top Quizzes Today


Score Distribution

Your Account Isn't Verified!

In order to create a playlist on Sporcle, you need to verify the email address you used during registration. Go to your Sporcle Settings to finish the process.

Report this User

Report this user for behavior that violates our Community Guidelines.

Details: